| 000 | 01702cam a2200457 b4500 | ||
|---|---|---|---|
| 999 |
_c24086 _d24086 |
||
| 001 | vtls011742550 | ||
| 005 | 20251215125309.0 | ||
| 008 | 200205s2018 xo gr 010 fdslo | ||
| 020 |
_a9788022208666 _q(viazané) |
||
| 035 | _aurn:nbn:sk:snk-am00d8gv | ||
| 035 | _aurn:nbn:sk:snk-am3ht84 | ||
| 035 | _aC48CE219-CAA7-46E4-9CCF-184FDC77724B | ||
| 040 |
_aTTKJF _bslo _cTTKJF _dSNK _erda |
||
| 041 | 1 |
_aslo _heng |
|
| 044 |
_axo _cSK |
||
| 072 | 7 |
_a821.111-3 _xAnglická próza, anglicky písaná _2konspekt |
|
| 080 |
_a821.111-31 _22011 |
||
| 080 |
_a(0:82-311.6) _22011 |
||
| 100 | 1 |
_aFollett, Ken, _d1949- _4aut _95351 |
|
| 240 | 1 | 2 |
_aA Column of Fire _lSlovensky |
| 245 | 1 | 0 |
_aOhnivý stĺp _cKen Follett ; z anglického originálu A Column of Fire ... preložila Mária Kočanová |
| 246 | 1 |
_iSéria: _aKingsbridge |
|
| 250 | _aVydanie I. | ||
| 264 | 1 |
_aBratislava _bTatran _c2018 |
|
| 300 |
_a778 strán _c24 cm |
||
| 336 |
_atext _btxt _2rdacontent |
||
| 337 |
_abez média _bn _2rdamedia |
||
| 338 |
_azväzok _bnc _2rdacarrier |
||
| 490 | 1 |
_aLUK - Knižnica svetových bestsellerov _vzv. 150 |
|
| 500 | _aÚdaje o sérii zistené z informácií na záložke knihy Pilire moci od Kena Folletta | ||
| 500 | _aObsahuje stručné biografické údaje o autorovi na záložke prebalu knihy | ||
| 655 | 7 |
_aanglické romány _2SNKPH _98 |
|
| 655 | 7 |
_ahistorické romány _2SNKPH _91688 |
|
| 655 | 7 |
_aEnglish fiction _2SNKPHeng _99 |
|
| 655 | 7 |
_aHistorical novels _2SNKPHeng _91689 |
|
| 700 | 1 |
_aKočanová, Mária, _d1955- _4trl _92151 |
|
| 700 | 1 |
_aFollett, Ken, _d1949- _tNa veky vekov _95352 |
|
| 958 | _aLX | ||
| 958 | _aUP | ||